[Event "Umraniye White Elephant 32nd"]
[Site "Umraniye"]
[Date "2023.10.29"]
[Round "7"]
[White "Portakalci, Yusuf"]
[Black "Akbas, Kaan"]
[Result "1/2-1/2"]
[WhiteElo "1866"]
[BlackElo "1986"]
[PlyCount "125"]
[EventDate "2023.10.25"]
[EventType "swiss"]
[EventRounds "7"]
[EventCountry "TUR"]
[SourceTitle "Mega2024 Update 01"]
[Source "Chessbase"]
[SourceDate "2023.11.12"]
[SourceVersion "1"]
[SourceVersionDate "2023.11.12"]
[SourceQuality "1"]

1. d4 Nf6 2. Nf3 e6 3. Bf4 b6 4. e3 Bb7 5. h3 Be7 6. Bd3 Ne4 7. Nbd2 Nxd2 8. Nxd2 d6 9. 0-0 0-0 10. Bg3 Nd7 11. c3 e5 12. Qc2 g6 13. a4 a6 14. Rad1 Bh4 15. Bh2 Qe7 16. Be4 d5 17. Bf3 e4 18. Be2 c5 19. dxc5 bxc5 20. Nb3 Rad8 21. c4 d4 22. exd4 cxd4 23. Rxd4 Nc5 24. Rxd8 Rxd8 25. Nxc5 Qxc5 26. Bf4 Bg5 27. b4 Qf5 28. Bxg5 Qxg5 29. Rd1 Re8 30. Bf1 Bc8 31. Qc3 e3 32. fxe3 Bxh3 33. c5 h5 34. e4 Bc8 35. c6 h4 36. b5 axb5 37. axb5 h3 38. b6 Ba6 39. Qxh3 Qc5+ 40. Kh1 Bxf1 41. Rxf1 Qxc6 42. Qb3 Re7 43. Rb1 Rxe4 44. Qg3 Qc2 45. Ra1 Qb2 46. Re1 Rxe1+ 47. Qxe1 Qxb6 48. Qe8+ Kg7 49. Qe5+ Qf6 50. Qb8 g5 51. Qb4 Kg6 52. Qb1+ Kh6 53. Kg1 Kg7 54. Qe4 Qf4 55. Qd3 g4 56. g3 Qe5 57. Kg2 f5 58. Qd7+ Kf6 59. Qd8+ Ke6 60. Qc8+ Kd6 61. Qb8+ Kd5 62. Qb5+ Kd4 63. Qb2+ 1/2-1/2

[Event "Umraniye White Elephant 32nd"]
[Site "Umraniye"]
[Date "2023.10.28"]
[Round "4"]
[White "Akbas, Kaan"]
[Black "Selbes, Tarik"]
[Result "1-0"]
[WhiteElo "1986"]
[BlackElo "2269"]
[PlyCount "119"]
[EventDate "2023.10.25"]
[EventType "swiss"]
[EventRounds "7"]
[EventCountry "TUR"]
[SourceTitle "Mega2024 Update 01"]
[Source "Chessbase"]
[SourceDate "2023.11.12"]
[SourceVersion "1"]
[SourceVersionDate "2023.11.12"]
[SourceQuality "1"]

1. Nf3 Nf6 2. g3 g6 3. Bg2 Bg7 4. 0-0 0-0 5. d4 d6 6. c4 a6 7. Na3 Nbd7 8. b3 e5 9. e3 Re8 10. Bb2 e4 11. Nd2 c6 12. Nc2 Nf8 13. f3 exf3 14. Qxf3 Bg4 15. Qf2 d5 16. e4 dxe4 17. d5 Bf5 18. Ne3 Ng4 19. Nxg4 Bxb2 20. Nh6+ Kg7 21. Nxf5+ gxf5 22. Rab1 Bc3 23. Qe3 Qf6 24. Kh1 Bd4 25. Qe2 Qg5 26. Rbd1 Bc3 27. g4 Bxd2 28. Rxf5 Qe3 29. Rxd2 Qxe2 30. Rxe2 cxd5 31. Rxd5 e3 32. Rd3 Rad8 33. Rxd8 Rxd8 34. Bxb7 Rd3 35. Kg2 Ne6 36. Kf3 Rd7 37. Bc8 Nd4+ 38. Ke4 Rd8 39. Rxe3 Nc2 40. Rc3 Re8+ 41. Kf4 Nb4 42. Bb7 Nxa2 43. Re3 Rd8 44. c5 Nb4 45. c6 Nd5+ 46. Kf3 Rd6 47. Rd3 Rf6+ 48. Ke4 Nc7 49. Rd7 Ne6 50. Rd6 Nc7 51. Ke5 Rf3 52. Rd7 Ne6 53. c7 Re3+ 54. Kf5 Nxc7 55. Rxc7 Rxb3 56. Rxf7+ Kh8 57. Be4 Rh3 58. Ra7 Rxh2 59. Kf6 Rh6+ 60. Kf7 1-0

[Event "Umraniye White Elephant 32nd"]
[Site "Umraniye"]
[Date "2023.10.28"]
[Round "5"]
[White "Can, Melih Kaan"]
[Black "Akbas, Kaan"]
[Result "1/2-1/2"]
[WhiteElo "2136"]
[BlackElo "1986"]
[PlyCount "171"]
[EventDate "2023.10.25"]
[EventType "swiss"]
[EventRounds "7"]
[EventCountry "TUR"]
[SourceTitle "Mega2024 Update 01"]
[Source "Chessbase"]
[SourceDate "2023.11.12"]
[SourceVersion "1"]
[SourceVersionDate "2023.11.12"]
[SourceQuality "1"]

1. d4 Nf6 2. c4 e6 3. Nf3 d5 4. g3 Bb4+ 5. Nbd2 dxc4 6. Bg2 0-0 7. 0-0 b5 8. a4 c6 9. Qc2 Bb7 10. b3 cxb3 11. Nxb3 Nbd7 12. Rd1 Qe7 13. Bg5 h6 14. Bxf6 Nxf6 15. Ne5 Nd5 16. Rdc1 Rfc8 17. Be4 a5 18. Bh7+ Kh8 19. Bg6 f6 20. Nd3 Ba3 21. Rcb1 Nb4 22. Qd2 Nxd3 23. Bxd3 Bb4 24. Qe3 Qd7 25. Rc1 Rd8 26. Nc5 Bxc5 27. Rxc5 b4 28. Rac1 Ba6 29. Rxa5 Bxd3 30. Rxa8 Rxa8 31. Qxd3 Rxa4 32. Qb3 Qa7 33. Qxe6 Qxd4 34. Rxc6 Ra8 35. Rb6 Qc5 36. Rb7 f5 37. Kg2 Rf8 38. h4 f4 39. g4 Qc3 40. f3 Qe1 41. Qe7 Rg8 42. Rxb4 Qg3+ 43. Kf1 Ra8 44. Qe5 Qh3+ 45. Kg1 Qg3+ 46. Kf1 Qh2 47. Rb8+ Rxb8 48. Qxb8+ Kh7 49. Qb1+ Kh8 50. Qb8+ Kh7 51. h5 Qh1+ 52. Kf2 Qh4+ 53. Kg2 Qg3+ 54. Kf1 Qh2 55. Qb1+ Kg8 56. Qb3+ Kh8 57. Qb6 Qh1+ 58. Qg1 Qh4 59. Qd4 Qg3 60. Qf2 Qh3+ 61. Ke1 Qh1+ 62. Kd2 Qb1 63. Qd4 Qa2+ 64. Kd3 Qb1+ 65. Kc3 Qa1+ 66. Kc4 Qa2+ 67. Kc3 Qa1+ 68. Kd3 Qb1+ 69. Kd2 Qa2+ 70. Ke1 Qb1+ 71. Kf2 Qc1 72. Qd8+ Kh7 73. Qe8 Qc5+ 74. Kg2 Qc1 75. Qe4+ Kh8 76. Qe8+ Kh7 77. Qg6+ Kh8 78. g5 Qe3 79. Kf1 Qc1+ 80. Kg2 Qe3 81. Qa6 hxg5 82. h6 Qe5 83. hxg7+ Kxg7 84. Qb7+ Kf6 85. Qc6+ Ke7 86. Qc4 1/2-1/2

[Event "Umraniye White Elephant 32nd"]
[Site "Umraniye"]
[Date "2023.10.27"]
[Round "3"]
[White "Rahmanov, Shahriyar Teymur Og"]
[Black "Akbas, Kaan"]
[Result "1-0"]
[WhiteElo "2209"]
[BlackElo "1986"]
[PlyCount "75"]
[EventDate "2023.10.25"]
[EventType "swiss"]
[EventRounds "7"]
[EventCountry "TUR"]
[SourceTitle "Mega2024 Update 01"]
[Source "Chessbase"]
[SourceDate "2023.11.12"]
[SourceVersion "1"]
[SourceVersionDate "2023.11.12"]
[SourceQuality "1"]

1. d4 Nf6 2. c4 e6 3. Nc3 Bb4 4. e3 0-0 5. Nge2 Re8 6. a3 Bf8 7. d5 a5 8. g3 Na6 9. Bg2 Nc5 10. Na4 Nxa4 11. Qxa4 exd5 12. cxd5 b5 13. Qd4 Ba6 14. b4 axb4 15. axb4 Bb7 16. Rb1 c5 17. bxc5 Ra4 18. Qd1 Qa5+ 19. Bd2 Qa8 20. Nc3 Rc4 21. 0-0 Rxc5 22. e4 b4 23. Na4 Rb5 24. Re1 Ba6 25. Bg5 Be7 26. d6 Rxg5 27. e5 Bb7 28. Bxb7 Qxb7 29. exf6 gxf6 30. dxe7 d5 31. Nc5 Qc7 32. Nd3 Rxe7 33. Rxe7 Qxe7 34. Rxb4 Qd7 35. Rd4 Qf5 36. Nf4 Kg7 37. h4 Rg4 38. Nh5+ 1-0

[Event "Istanbul Bagcilar op"]
[Site "Istanbul"]
[Date "2023.09.09"]
[Round "9"]
[White "Abdisalimov, Abdimalik"]
[Black "Akbas, Kaan"]
[Result "1-0"]
[WhiteElo "2476"]
[BlackElo "1944"]
[PlyCount "75"]
[EventDate "2023.09.03"]
[EventType "swiss"]
[EventRounds "9"]
[EventCountry "TUR"]
[SourceTitle "EXT 2024"]
[Source "ChessBase"]
[SourceDate "2023.10.10"]
[SourceVersion "1"]
[SourceVersionDate "2023.10.10"]
[SourceQuality "1"]

1. e4 c6 2. Nc3 d5 3. Nf3 dxe4 4. Nxe4 Nf6 5. Qe2 Nxe4 6. Qxe4 Nd7 7. Bc4 Nf6 8. Qe2 e6 9. Ne5 Be7 10. 0-0 0-0 11. c3 c5 12. Rd1 Nd5 13. d4 cxd4 14. Rxd4 Bf6 15. Rd1 Qc7 16. Ng4 Be7 17. Bxd5 exd5 18. Ne3 Bd6 19. Nxd5 Bxh2+ 20. Kh1 Qe5 21. Be3 Re8 22. f4 Bxf4 23. Nxf4 Bf5 24. Re1 Be4 25. Qf2 Rad8 26. Qg3 f6 27. Kg1 Qf5 28. Rf1 Bc6 29. Bd4 Re4 30. Rae1 Rde8 31. Rxe4 Rxe4 32. Bxa7 h5 33. Bd4 h4 34. Qxh4 Bb5 35. Rf3 g5 36. Qh5 Re1+ 37. Kh2 Be8 38. Nd3 1-0

[Event "TUR-chT 2nd League"]
[Site "Denizli"]
[Date "2023.07.12"]
[Round "6.142"]
[White "Sabahi, Ali Can"]
[Black "Akbas, Kaan"]
[Result "1-0"]
[WhiteElo "1783"]
[BlackElo "1986"]
[PlyCount "103"]
[EventDate "2023.07.09"]
[EventType "team-swiss"]
[EventRounds "9"]
[EventCountry "TUR"]
[SourceTitle "CBM 215 Extra"]
[Source "ChessBase"]
[SourceDate "2023.09.30"]
[SourceVersion "1"]
[SourceVersionDate "2023.09.30"]
[SourceQuality "1"]
[WhiteTeam "Karaman Yunus Emre"]
[BlackTeam "Denizli Gelisim"]
[WhiteTeamCountry "TUR"]
[BlackTeamCountry "TUR"]

1. e4 c6 2. d4 d5 3. exd5 cxd5 4. Bd3 Nc6 5. c3 Qc7 6. Ne2 Bg4 7. f3 Bd7 8. Bf4 e5 9. dxe5 Nxe5 10. Na3 Bxa3 11. bxa3 Nf6 12. Bc2 0-0 13. Qd4 Rfe8 14. 0-0 Qb6 15. Rab1 Qxd4+ 16. Nxd4 b6 17. Rfe1 Nc4 18. Bb3 Nxa3 19. Rbd1 Nc4 20. Bg5 a5 21. Kf2 Kf8 22. Bxc4 Rxe1 23. Kxe1 dxc4 24. Ne2 Ba4 25. Rd6 Nd7 26. Bc1 Rb8 27. Nf4 Ke8 28. Nd5 Rb7 29. Be3 b5 30. Ra6 f6 31. Rxa5 Ne5 32. Nb6 g5 33. Ke2 Kf7 34. Kd2 Ke6 35. Ra6 Kf7 36. Bd4 Nc6 37. Nxa4 bxa4 38. Rxc6 Rb2+ 39. Ke3 Rxa2 40. Rxc4 Rxg2 41. Rxa4 Rxh2 42. Ra7+ Kg6 43. Ra6 Rc2 44. Rxf6+ Kh5 45. Kd3 Rc1 46. Rf5 Kh4 47. Bf2+ Kh3 48. Rxg5 Rf1 49. Ke2 Rc1 50. Rh5+ Kg2 51. Be1 Rc2+ 52. Bd2 1-0

[Event "TUR-chT 2nd League"]
[Site "Denizli"]
[Date "2023.07.10"]
[Round "2.162"]
[White "Tokat, Nehir"]
[Black "Akbas, Kaan"]
[Result "0-1"]
[WhiteElo "1986"]
[BlackElo "1986"]
[PlyCount "74"]
[EventDate "2023.07.09"]
[EventType "team-swiss"]
[EventRounds "9"]
[EventCountry "TUR"]
[SourceTitle "CBM 215 Extra"]
[Source "ChessBase"]
[SourceDate "2023.09.30"]
[SourceVersion "1"]
[SourceVersionDate "2023.09.30"]
[SourceQuality "1"]
[WhiteTeam "Pamukkale Yonetimi"]
[BlackTeam "Denizli Gelisim"]
[WhiteTeamCountry "TUR"]
[BlackTeamCountry "TUR"]

1. d4 d5 2. c4 e6 3. Nf3 Nf6 4. g3 Bb4+ 5. Nbd2 dxc4 6. Qc2 Nc6 7. Qxc4 Qd5 8. Qxd5 exd5 9. Bg2 0-0 10. 0-0 Re8 11. e3 Bf5 12. a3 Bd6 13. b3 Bd3 14. Re1 Nd7 15. Bb2 Nb6 16. Rac1 a5 17. Ne5 Bxe5 18. dxe5 a4 19. b4 Rad8 20. f4 Re7 21. g4 h6 22. h4 d4 23. e4 g5 24. hxg5 hxg5 25. e6 Rxe6 26. f5 Re7 27. e5 Rxe5 28. Rxe5 Nxe5 29. Rxc7 Nxg4 30. Nf3 Nd5 31. Rxb7 Nf4 32. Nxg5 Re8 33. Ne6 fxe6 34. f6 Nxf6 35. Bc6 Rf8 36. Bxa4 Be4 37. Rc7 Ng4 0-1

[Event "TUR-chT 2nd League"]
[Site "Denizli"]
[Date "2023.07.09"]
[Round "1.156"]
[White "Akbas, Kaan"]
[Black "Eynullayev, Atilla Elshan"]
[Result "0-1"]
[WhiteElo "1986"]
[BlackElo "2281"]
[PlyCount "104"]
[EventDate "2023.07.09"]
[EventType "team-swiss"]
[EventRounds "9"]
[EventCountry "TUR"]
[SourceTitle "CBM 215 Extra"]
[Source "ChessBase"]
[SourceDate "2023.09.30"]
[SourceVersion "1"]
[SourceVersionDate "2023.09.30"]
[SourceQuality "1"]
[WhiteTeam "Denizli Gelisim"]
[BlackTeam "Gaziantep Tantima"]
[WhiteTeamCountry "TUR"]
[BlackTeamCountry "TUR"]

1. Nf3 Nf6 2. g3 d5 3. Bg2 e6 4. d3 c5 5. 0-0 Nc6 6. Nbd2 g6 7. e4 Bg7 8. Re1 0-0 9. exd5 Nxd5 10. Nb3 b6 11. d4 c4 12. Nbd2 c3 13. Ne4 cxb2 14. Bxb2 Ba6 15. Ne5 Qc7 16. c4 Nxe5 17. dxe5 Bxc4 18. Rc1 b5 19. Nd6 Qa5 20. a3 Rab8 21. Qg4 Rfd8 22. Ne4 Bd3 23. Nc5 Bc4 24. Ne4 Qb6 25. h4 Bd3 26. h5 Bxe4 27. Bxe4 b4 28. hxg6 hxg6 29. axb4 Nxb4 30. Ba3 a5 31. Bxb4 axb4 32. Rc6 Qd4 33. Rc7 Rd7 34. Rxd7 Qxd7 35. Rd1 Qc7 36. f4 b3 37. Qe2 b2 38. Rb1 Bf8 39. Qd3 Qc1+ 40. Kg2 Kg7 41. Kf3 Bb4 42. Qc2 Qxc2 43. Bxc2 Bd2 44. Rd1 Bc1 45. Bb1 Ra8 46. Kg2 Ra1 47. Bc2 Bxf4 48. Rd7 Bxe5 49. Rb7 Ra3 50. Kh3 Rxg3+ 51. Kh4 g5+ 52. Kh5 Kf6 0-1